Strategie Age managementu v České republice

Age management - riadenie pracovníkov zohľadňujúce ich vek. Snaha o zavedenie projektu Age managementu v Českej republike, základné princípy projektu preškolenia českých manažérov a harmonogram hlavných odborných činností, rozdelených do základných období a jeho následná aplikácia v Českej republike...

Descrizione completa

Salvato in:
Dettagli Bibliografici
Autore principale: Brych, Martin
Natura: Capitolo di libro
Lingua:ceco
Soggetti:
Tags: Aggiungi Tag
Nessun Tag, puoi essere il primo ad aggiungerne!!

MARC

LEADER 00000nla a2200000 4500
001 0186758
005 20221020084000.9
041 0 |a cze 
044 |a SK 
245 1 0 |a Strategie Age managementu v České republice  |c Martin Brych 
520 |a Age management - riadenie pracovníkov zohľadňujúce ich vek. Snaha o zavedenie projektu Age managementu v Českej republike, základné princípy projektu preškolenia českých manažérov a harmonogram hlavných odborných činností, rozdelených do základných období a jeho následná aplikácia v Českej republike. 
610 2 0 |a vek 
610 2 0 |a diverzita 
610 2 0 |a manažment 
610 2 0 |a riadenie ľudských zdrojov 
610 2 0 |a riadenie znalostí 
610 2 0 |a vzdelávanie dospelých 
610 2 0 |a Česko 
100 1 |a Brych, Martin